000 02112nam a2200433 i 4500
001 193266
003 SpMaBN
005 20250712063136.0
007 ta
008 130605s2013 mx | |||| 001 0 spa
017 _aB 5136-2013
_bOficina Depósito Legal Barcelona
_zB 5136-LVI
020 _a9786074007572
035 _a(OCoLC)841014285
035 _aa5360558
040 _aSpMaBN
_bspa
_cSpMaBN
_erdc
044 _amx
_asp
080 _a82-34.09
100 1 _aMartín Garzo, Gustavo,
_d1948-
_0XX859249
_9234309
_eaut
245 1 4 _aUna casa de palabras :
_ben torno a los cuentos maravillosos /
_cGustavo Martín Garzo
250 _aPrimera edición 2013
260 _aMéxico D.F. :
_bOcéano Travesía,
_c2013
_e(impreso en España)
300 _a239 páginas ;
_c22 cm
336 _aTexto (visual)
_2isbdcontent
337 _asin mediación
_2isbdmedia
338 _2rdacarrier
_avolumen
490 1 _aÁgora
500 _aÍndice onomástico
520 _aLos cuentos maravillosos provienen de la noche de los tiempos. Pasan de una generación a otra y se mantienen tan sugerentes y nuevos como en sus orígenes. Son casas de palabras, refugios frente a las angustias y el dolor. Crean un lugar para vivir, al tiempo que permiten habitar el mundo. Una casa de palabras es una intensa y singular meditación acerca de ellos. Una obra de feroz actualidad justamente por ir a contracorriente de la cultura prevaleciente en nuestro tiempo.
650 7 _aCuento infantil-
_xHistoria y crítica
_2embne
_9234397
830 _aColección Ágora
_9180771
852 _aES-MaACL
_bR. 154668
_cDEPOJ
_9200697
_xEncuadernación rústica con solapas
_gDedicatoria autógrafa del autor
_hDonación: Gustavo Martín Garzo
_jN-9439
901 _aMON1306
903 _9234309
_aMartín Garzo, Gustavo,
_d1948-
_ednr
942 _n0
_cMONOGRAFIA
999 _c193266
_d193266